000 00449nam a22001937a 4500
003 LK-CoMWRAF
005 20231020233927.0
008 231020b |||||||| |||| 00| 0 eng d
020 _a074720652X
040 _aLK-CoMWRAF
_dLK-CoMWRAF
_eLK-CoMWRAF
041 _aeng
082 _a823
_bKEL
100 _aKellerman, Faye
245 _aFalse prophet
260 _bHeadline,
_c1992
300 _a367p
650 _aEnglish Fiction
942 _cBK
999 _c3966
_d3966